000 00512nam a2200193 a 4500
001 1772446938318
003 YourLibrary
005 20260302155321.0
008 260302s2002##################000#0#eng##
020 _a9780745623030
082 0 4 _a327.01
_bBRO
100 1 _aBrown, Chris,
_eauthor.
245 1 0 _aSovereignty, Rights and Justice :
260 _bBlackwell Publishing,
_c2002.
300 _a276 pages
650 0 _aPolitical Science.
942 _cENGLISH
040 _aYourLibrary
_beng
_cYourLibrary
999 _c616508
_d616508